Histoire de la civilisation en Angleterre / (Record no. 37239)

MARC details
000 -LEADER
campo de control de longitud fija 00634nam a2200193 i 4500
001 - NÚMERO DE CONTROL
campo de control 37239
003 - IDENTIFICADOR DE NÚMERO DE CONTROL
campo de control ES-MaACL
005 - FECHA Y HORA DE LA ÚLTIMA TRANSACCIÓN
campo de control 20230906155530.0
007 - CAMPO FIJO DE DESCRIPCIÓN FÍSICA--INFORMACIÓN GENERAL
campo de control de longitud fija t|
008 - DATOS DE LONGITUD FIJA--INFORMACIÓN GENERAL
campo de control de longitud fija 030220s1865 fr ||||1| fre d
080 ## - NÚMERO DE LA CLASIFICACIÓN DECIMAL UNIVERSAL
Número de la Clasificación Decimal Universal 930.85(410)
100 1# - ENTRADA PRINCIPAL--NOMBRE DE PERSONA
Nombre de persona Buckle, Henry Thomas.
9 (RLIN) 32324
245 10 - MENCIÓN DEL TÍTULO
Título Histoire de la civilisation en Angleterre /
Mención de responsabilidad, etc. Henry Thomas Buckle ; traduction autorisée par A. Baillot.
260 ## - PUBLICACIÓN, DISTRIBUCIÓN, ETC.
Lugar de publicación, distribución, etc. Paris :
Nombre del editor, distribuidor, etc. A. Lacroix, Verboeckhoven,
Fecha de publicación, distribución, etc. 1865 (
Lugar de fabricación/manufactura Bruxelles :
Fabricante A. Lacroise)
300 ## - DESCRIPCIÓN FÍSICA
Extensión 5 v. ;
Dimensiones 22 cm.
651 #4 - PUNTO DE ACCESO ADICIONAL DE MATERIA--NOMBRE GEOGRÁFICO
Nombre geográfico Gran Bretaña-
Subdivisión general Civilización.
9 (RLIN) 144519
700 1# - ENTRADA AGREGADA--NOMBRE PERSONAL
Nombre de persona Baillot. A.
9 (RLIN) 24709
852 ## - LOCALIZACIÓN
Ubicación ES-MaACL
Número de control de estantería D-4109-13
Holdings
Estatus retirado Estado de pérdida Estado de daño No para préstamo Colección Biblioteca de origen Biblioteca actual Ubicación en estantería Fecha de adquisición Fuente de adquisición Total de préstamos Signatura topográfica completa Código de barras Visto por última vez Precio de reemplazo Tipo de ítem Koha
        Libros del s. XIX Biblioteca del Ateneo de Madrid Biblioteca del Ateneo de Madrid Sala Valle Inclán 17/01/2008     D-4109-13 901039185 23/02/2023 23/02/2023 Libro impreso antiguo